| 000 | 01109nam a2200229Ia 4500 | ||
|---|---|---|---|
| 001 | 13273 | ||
| 005 | 20260408113522.0 | ||
| 008 | 260306t2018||||xx |||||||||||||| ||spa|| | ||
| 041 | _aESP | ||
| 082 |
_a001.42 _bH45A |
||
| 100 |
_aHernández-Sampieri, Roberto _eAUT |
||
| 245 | 0 |
_aMetodología de la investigación: _blas rutas cuantitativa, cualitativa y mixta |
|
| 260 | _c2018 | ||
| 300 |
_axxxvii, 714 páginas : _c27 cm. |
||
| 650 | _aGEN | ||
| 654 | _aCHU | ||
| 856 |
_uhttps://0u213vm3u-y-https-ebooks7--24-com.itmsp.museknowledge.com/?il=31455&pg=s9ml/chapter01/untitled_page.xhtml#data-uuid-2444ba362b7443d98fb9468e13b48f12 _zVersión digital (2023) |
||
| 856 |
_uhttps://0u213vm4m-y-https-ebooks7--24-com.itmsp.museknowledge.com/biblioteca.aspx _zVéase además: Base de datos Ebook7-24 |
||
| 856 |
_uhttps://0u20fvm4p-y-https-research-ebsco-com.itmsp.museknowledge.com/c/qxo6us/search _zVéase además: Base de datos EBSCOhost |
||
| 856 |
_uhttps://0u20yvm5a-y-https-www-bibliotechnia-com-mx.itmsp.museknowledge.com/ _zVéase además: Base de datos BiblioTechnia |
||
| 942 |
_cLIB _dJUS _fJUS _2ddc |
||
| 999 |
_c13273 _d13273 |
||